000 00448nam a2200181Ia 4500
001 43588
008 140425s9999 xx 000 0 und d
020 _aNA
040 _cPK-LaUMT
082 _aRHC 891.4393
_bSHA-M
100 _aShafiq Anjum
245 _aMain + main (Urdu)
_bafsaanay
_cShafiq Anjum
260 _aIslamabad,Pakistan:
_bUsloob,
_c2008
300 _a120 p.
546 _aUR
650 _aPakistani literature-Urdu
942 _cBK
999 _c41590
_d41590